| 000 | 01243nam0a22003371 4500 | ||
|---|---|---|---|
| 001 | RU\NLR\bibl\1001491 | ||
| 005 | 20260405081627.0 | ||
| 010 |
_a5-367-00209-9 _95000 |
||
| 021 |
_aRU _b2006-63936 _93194 |
||
| 035 | _a(NLR Aleph) 000989204 | ||
| 090 |
_a508071 _c508071 |
||
| 100 | _a20061026d2006 |||y0rusy50 ca | ||
| 101 | 1 |
_arus _cjpn |
|
| 102 | _aRU | ||
| 105 | _ay ||||||||| | ||
| 200 | 1 |
_aМир звонка _e[романы] _fКодзи Судзуки |
|
| 210 |
_aСанкт-Петербург _cАмфора _cторгово-издательский дом "Амфора" _d2006 |
||
| 215 |
_a893, [2] с. _d22 |
||
| 225 | 1 | _aСерия "Амфора-классика" | |
| 225 | 1 | _aПрочти, если посмеешь! | |
| 327 | 1 | _aСодерж.: Звонок; Звонок-2. Спираль; Звонок-3. Петля; Звонок-0. Рождение | |
| 686 | _aШ6(5Я)67-440.4{Лх2318-50} | ||
| 700 | 1 |
_4070 _8rus _7ca _aСудзуки _bК. _f1957- _gКодзи _3RU\NLR\auth\7728495 _911526 |
|
| 801 | 0 |
_aRU _bNLR _c20061026 _grcr |
|
| 801 | 1 |
_aRU _bNLR _c20061026 |
|
| 852 |
_aNLR _bОЛСАА-сл-спр _j3-4399 |
||
| 942 | _cBOOK | ||
| 980 | _aNB | ||
| 980 | 1 | _aSL_SPR | |